<?xml version="1.0" encoding="UTF-8"?><?xml-stylesheet type="text/xsl" href="static/style.xsl"?><OAI-PMH xmlns="http://www.openarchives.org/OAI/2.0/" xmlns:xsi="http://www.w3.org/2001/XMLSchema-instance" xsi:schemaLocation="http://www.openarchives.org/OAI/2.0/ http://www.openarchives.org/OAI/2.0/OAI-PMH.xsd"><responseDate>2026-04-17T00:40:50Z</responseDate><request verb="GetRecord" identifier="oai:www.recercat.cat:2445/188427" metadataPrefix="marc">https://recercat.cat/oai/request</request><GetRecord><record><header><identifier>oai:recercat.cat:2445/188427</identifier><datestamp>2025-12-05T05:34:52Z</datestamp><setSpec>com_2072_1057</setSpec><setSpec>col_2072_478857</setSpec><setSpec>col_2072_478917</setSpec></header><metadata><record xmlns="http://www.loc.gov/MARC21/slim" xmlns:dcterms="http://purl.org/dc/terms/" xmlns:xsi="http://www.w3.org/2001/XMLSchema-instance" xmlns:doc="http://www.lyncode.com/xoai" xsi:schemaLocation="http://www.loc.gov/MARC21/slim http://www.loc.gov/standards/marcxml/schema/MARC21slim.xsd">
   <leader>00925njm 22002777a 4500</leader>
   <datafield ind2=" " ind1=" " tag="042">
      <subfield code="a">dc</subfield>
   </datafield>
   <datafield ind2=" " ind1=" " tag="720">
      <subfield code="a">Miriello, Domenico</subfield>
      <subfield code="e">author</subfield>
   </datafield>
   <datafield ind2=" " ind1=" " tag="720">
      <subfield code="a">Barba, Luís</subfield>
      <subfield code="e">author</subfield>
   </datafield>
   <datafield ind2=" " ind1=" " tag="720">
      <subfield code="a">Barba Pingarron, Arturo</subfield>
      <subfield code="e">author</subfield>
   </datafield>
   <datafield ind2=" " ind1=" " tag="720">
      <subfield code="a">Barca, Donatella</subfield>
      <subfield code="e">author</subfield>
   </datafield>
   <datafield ind2=" " ind1=" " tag="720">
      <subfield code="a">Bloise Andrea</subfield>
      <subfield code="e">author</subfield>
   </datafield>
   <datafield ind2=" " ind1=" " tag="720">
      <subfield code="a">González Parra, Jesús Rafael</subfield>
      <subfield code="e">author</subfield>
   </datafield>
   <datafield ind2=" " ind1=" " tag="720">
      <subfield code="a">Crisci, Gino</subfield>
      <subfield code="e">author</subfield>
   </datafield>
   <datafield ind2=" " ind1=" " tag="720">
      <subfield code="a">De Luca, Raffaella</subfield>
      <subfield code="e">author</subfield>
   </datafield>
   <datafield ind2=" " ind1=" " tag="720">
      <subfield code="a">Girimonte, Genea</subfield>
      <subfield code="e">author</subfield>
   </datafield>
   <datafield ind2=" " ind1=" " tag="720">
      <subfield code="a">Ruvalcaba Sil, Jose Luis</subfield>
      <subfield code="e">author</subfield>
   </datafield>
   <datafield ind2=" " ind1=" " tag="720">
      <subfield code="a">Pecci, Alessandra</subfield>
      <subfield code="e">author</subfield>
   </datafield>
   <datafield ind2=" " ind1=" " tag="260">
      <subfield code="c">2022-08-26T15:20:50Z</subfield>
   </datafield>
   <datafield ind2=" " ind1=" " tag="260">
      <subfield code="c">2024-07-31T05:10:07Z</subfield>
   </datafield>
   <datafield ind2=" " ind1=" " tag="260">
      <subfield code="c">2021-07-31</subfield>
   </datafield>
   <datafield ind2=" " ind1=" " tag="260">
      <subfield code="c">2022-08-26T15:20:51Z</subfield>
   </datafield>
   <datafield ind2=" " ind1=" " tag="520">
      <subfield code="a">Hydraulicity is a well-known characteristic of mortars and plasters from the Roman, Late Roman, and Medieval periods, while the use of hydraulic mortars in pre-Columbian Mesoamerica and Central Mexico in particular, has not received equal attention. To address this issue, in this paper, we discuss the problem of hydraulicity and suggest a method to study it in Mesoamerican plasters. To prove the effectiveness of this method, we selected plaster samples from the archaeological site of Teotihuacan (Mexico), the main city of Central Mexico during the Classic period. The characterisation of plaster samples confirmed that, similar to other Teotihuacan plasters, they are made of two layers: the outermost layer (enlucido), composed of a mixture of lime and volcanic glass shards, and the underlying layer locally called firme, consisting of crushed volcanic scoria (tezontle) mixed with a mudbased binder. The compositional characterisation of the plasters confirmed their hydraulicity and the combination of microchemical (energy dispersive spectrometer (EDS) microchemical analysis), microphysical (Vickers microhardness), and petrographic (optical microscopy) measurements demonstrated that it was not the presence of glass shards in the external plaster layer which produced hydraulicity, as we originally thought. Instead, this was due to the reactivity of the tezontle, present in the lower layer. This suggests that the small thickness of the enlucido layer, in addition to save the amount of lime used, increased its performance, promoting chemical reactions with the tezontle in the contact layer and that the glass shards played another role in the mixture, rather than producing hydraulicity.</subfield>
   </datafield>
   <datafield tag="653" ind2=" " ind1=" ">
      <subfield code="a">Arqueometria</subfield>
   </datafield>
   <datafield tag="653" ind2=" " ind1=" ">
      <subfield code="a">Guix</subfield>
   </datafield>
   <datafield tag="653" ind2=" " ind1=" ">
      <subfield code="a">Teotihuacán (San Juan Teotihuacán, Mèxic : Jaciment arqueològic)</subfield>
   </datafield>
   <datafield tag="653" ind2=" " ind1=" ">
      <subfield code="a">Archaeometry</subfield>
   </datafield>
   <datafield tag="653" ind2=" " ind1=" ">
      <subfield code="a">Plaster</subfield>
   </datafield>
   <datafield tag="653" ind2=" " ind1=" ">
      <subfield code="a">Teotihuacán Site (San Juan Teotihuacán, Mexico)</subfield>
   </datafield>
   <datafield ind2="0" ind1="0" tag="245">
      <subfield code="a">Hydraulicity of lime plasters from Teotihuacan, Mexico: a microchemical and microphysical approach</subfield>
   </datafield>
</record></metadata></record></GetRecord></OAI-PMH>